[Event "SN-2011-0-00401"]
[Site "LSS email"]
[Date "2011.11.13"]
[Round "?"]
[White "Kondercov, Ivan"]
[Black "Semenov, Zhenya"]
[Result "0-1"]
[WhiteElo "800"]
[BlackElo "977"]
[PlyCount "21"]
[EventDate "2011.11.05"]
[EventType "tourn (corr)"]
[EventRounds "6"]
[EventCountry "GER"]
[SourceTitle "Corr 2015"]
[Source "ChessBase"]
[SourceDate "2015.07.17"]
[SourceVersion "1"]
[SourceVersionDate "2015.07.17"]
[SourceQuality "1"]

1. e4 e5 2. Nf3 Nc6 3. Nc3 Bc5 4. Bc4 h6 5. d3 Nf6 6. 0-0 d6 7. a3 a6 8. Bd2 0-0 9. b4 Bb6 10. Nd5 Nxd5 11. Nh4 0-1

[Event "OP-2011-0-01872"]
[Site "LSS email"]
[Date "2011.11.11"]
[Round "?"]
[White "Neumann, Frank"]
[Black "Kondercov, Ivan"]
[Result "1-0"]
[WhiteElo "767"]
[BlackElo "800"]
[PlyCount "30"]
[EventDate "2011.11.08"]
[EventType "tourn (corr)"]
[EventRounds "4"]
[EventCountry "GER"]
[SourceTitle "Corr 2015"]
[Source "ChessBase"]
[SourceDate "2015.07.17"]
[SourceVersion "1"]
[SourceVersionDate "2015.07.17"]
[SourceQuality "1"]

1. b4 e5 2. Bb2 e4 3. e3 Nf6 4. Bc4 d5 5. Bb3 Bg4 6. Ne2 Bxb4 7. 0-0 0-0 8. a3 Bd6 9. c4 c6 10. cxd5 cxd5 11. Re1 Be6 12. Nd4 Nbd7 13. Nxe6 fxe6 14. d3 Qb6 15. Nd2 Qxb3 1-0